Paesi de l'Oceania - Statistics

General Stats
  • This quiz has been taken 6 times
  • The average score is 9 of 14
Answers on the Map
Answers color-coded by a green-red scale on the quiz's map according to % correct below.
 
Answer Stats
Paesi % Correct
Australia
100%
Nauru
80%
Palau
80%
Stati Federadi de Micronesia
80%
Tonga
80%
Tuvalu
80%
Vanuatu
80%
Nova Zelanda
60%
Papua Nova Ghinea
60%
Samoa
60%
Chiribati
40%
Figi
40%
Isole Maressial
20%
Isole Salomon
20%
No matching quizzes found
Score Distribution
Percent of People with Each Score
Percentile by Number Answered
Your Score History
You have not taken this quiz